| 000 | 00418cam a22001337a 4500 | ||
|---|---|---|---|
| 008 | 180718b1978 xxu||||| |||| 00| 0 eng d | ||
| 082 | _aA99 C349/2 | ||
| 100 | _aChakrabarty, Saroj | ||
| 245 |
_aWith West Bengal chief ministers: memoirs, 1962 to 1977 _cby Saroj Chakrabarty |
||
| 260 |
_aNew Delhi _bOrient Longman _c1978 |
||
| 300 | _a520p. | ||
| 650 | _aWest Bengal - Governmemnt | ||
| 650 | _aChakrabarty, Saroj, 1912 | ||
| 999 |
_c342036 _d342036 |
||